000 00500nam a22001817a 4500
005 20240823085027.0
008 240821b |||||||| |||| 00| 0 eng d
082 _a612
_bALI-P
100 _aMuhammad Ali
245 _aTextbook of Pharmacognosy :
_cMuhammad Ali
_bPharmacognosy and plant Cultivation /
250 _a2nd ed.
260 _aPakistan :
_c2011
300 _a518p.
_bill;
_c23 cm.
490 _vvol 2.
500 _ainclude index.
650 _aPharmacy / Pharmacognosy
999 _c36434
_d36434